Public information technology and e-governance : managing the virtual state /

Dades bibliogràfiques
Autor principal: Garson, G. David
Format: Llibre
Idioma:English
Publicat: Raleigh, N.C. : Jones and Bartlett Publishers, c2006.
Edició:First edition.
Matèries:
Classic Catalogue: View this record in Classic Catalogue
LEADER 01723nam a2200325 a 4500
001 0017481
003 BD-DhAAL
008 091027s2006 ncu b 001 0 eng d
010 |a  2005018958 
020 |a 0763734683 (pbk.) 
040 |a DLC  |c DLC  |d DLC  |d BD-DhAAL 
082 0 0 |a 352.38  |2 22 
100 1 |a Garson, G. David.  |9 58716 
245 1 0 |a Public information technology and e-governance :  |b managing the virtual state /  |c G. David Garson. 
250 |a First edition. 
260 |a Raleigh, N.C. :  |b Jones and Bartlett Publishers,  |c c2006. 
300 |a xvi, 541 p. ;  |c 25 cm 
504 |a Includes bibliographical references (p. 477-516) and index. 
526 |a BIGD  |x Morshed Alom, BRAC University 
541 1 |e 0017481, 0017482  |a D. S. Books International 
650 0 |a Internet in public administration  |z United States.  |9 2475 
650 0 |a Internet in public administration  |z United States  |v Case studies.  |9 58717 
650 0 |a Information technology  |x Management. 
650 0 |a Information technology  |x Management  |v Case studies.  |9 58718 
650 0 |a Information technology  |x Government policy  |z United States.  |9 58719 
852 4 |a Ayesha Abed Library   |c General Stacks 
942 |2 ddc  |c BK 
999 |c 4886  |d 4886 
952 |0 0  |1 0  |2 ddc  |4 0  |6 352_380000000000000_GAR_2006  |7 0  |9 4707  |a BRACUL  |b BRACUL  |c GEN  |d 2009-10-28  |e D. S. Books International  |g 8244.00  |l 0  |o 352.38 GAR  |p 3010017481  |r 2009-10-28  |t 1  |w 2009-10-28  |y BK  |x Requisitioned by Morshed Alom, BRAC University ; USD 74.95 
952 |0 0  |1 0  |2 ddc  |4 0  |6 352_380000000000000_GAR_2006  |7 0  |9 4708  |a BRACUL  |b BRACUL  |c GEN  |d 2009-10-28  |e D. S. Books International  |g 8244.00  |l 1  |o 352.38 GAR  |p 3010017482  |r 2011-12-20  |s 2011-12-07  |t 2  |w 2009-10-28  |y BK  |x Requisitioned by Morshed Alom, BRAC University ; USD 74.95